Quizzes
Events
Quiz Creation
Community
Videos
Private Events
Remove Ads
Sign In
Join for FREE
Feedback
Dark Mode
Quiz Categories
Sports
Geography
Music
Movies
Television
Just For Fun
Miscellaneous
History
Literature
Language
Science
Gaming
Entertainment
Religion
Holiday
For Kids
Quiz Lab
Recent
Popular Today
Quiz Kudos Today
Editor Picks
Curator Picks
Quizzes by...
Day
Popularity
Type
Ratings
Length
Year
Community
Subscriptions
Recent Discussions
Orange Saloon
Badges
Playlists
Quests
Create
Leaderboards
Showdown
Live 5
Trivia Bingo
Activity
Puzzle Library
Sporcle Events
Private Events
Virtual Trivia
Globe League
Become a Host
Pub Owners
SporcleCon
Opinionation
Our Games
Videos
Blog
Mobile Apps
Partnerships
Remove Ads and Go Orange
Feedback
Sports
Athletes
MLB
NBA
NHL
NFL
Soccer
Sports Teams
WWE
NCAA
Football
Premier League
Basketball
Baseball
Hockey
Golf
Tennis
Cricket
Rugby
Auto Racing
Olympics
World Cup
Sports
Athletes
MLB
NBA
NHL
NFL
Soccer
Sports Teams
WWE
NCAA
Football
Premier League
Basketball
Baseball
Hockey
Golf
Tennis
Cricket
Rugby
Auto Racing
Olympics
World Cup
Random Quiz
Search Sporcle
×
Quiz Lab
Quiz Lab
Sports
result
Type in answers that appear in a list
Type in answers that appear in a list
Classic
Best Score? Go Orange.
Formula 1 2011 Results Stats
Can you name the Formula 1 2011 Results?
By
vabbity2
15m
114 Questions
135 Plays
135 Plays
135 Plays
Comments
Comments
Give Quiz Kudos
Give Quiz Kudos
-
- Ratings
hide this ad
Forced Order
Answers have to be entered in order
Answers have to be entered in order
Replay
Link that replays current quiz
Next Quiz
Link to next quiz in quiz playlist
You Got
0%
They Got
Avg Score
66%
Avg Friend Score
Upgrade to see
Score Distribution
Jump to the score distribution portion of the page
Score
0/114
Timer
15:00
0
Plays Today
Circuit
Driver
% Correct
Australian Grand Prix
Sebastian Vettel
100%
Australian Grand Prix
Lewis Hamilton
91.1%
Australian Grand Prix
Sebastian Vettel
83.7%
Australian Grand Prix
Sebastian Vettel
82.2%
Malaysian Grand Prix
Sebastian Vettel
79.3%
Malaysian Grand Prix
Sebastian Vettel
78.5%
Chinese Grand Prix
Sebastian Vettel
78.5%
Turkish Grand Prix
Sebastian Vettel
77%
Spanish Grand Prix
Sebastian Vettel
76.3%
Malaysian Grand Prix
Jenson Button
75.6%
Monaco Grand Prix
Sebastian Vettel
74.8%
Turkish Grand Prix
Sebastian Vettel
74.8%
Malaysian Grand Prix
Sebastian Vettel
73.3%
Spanish Grand Prix
Sebastian Vettel
73.3%
Canadian Grand Prix
Sebastian Vettel
73.3%
Monaco Grand Prix
Sebastian Vettel
72.6%
Chinese Grand Prix
Sebastian Vettel
72.6%
European Grand Prix
Sebastian Vettel
72.6%
German Grand Prix
Sebastian Vettel
72.6%
Chinese Grand Prix
Lewis Hamilton
71.9%
Spanish Grand Prix
Lewis Hamilton
71.9%
Chinese Grand Prix
Mark Webber
71.9%
Chinese Grand Prix
Sebastian Vettel
71.9%
Turkish Grand Prix
Sebastian Vettel
71.9%
British Grand Prix
Sebastian Vettel
71.9%
Hungarian Grand Prix
Sebastian Vettel
71.9%
Belgian Grand Prix
Sebastian Vettel
71.9%
Italian Grand Prix
Sebastian Vettel
71.9%
Singapore Grand Prix
Sebastian Vettel
71.9%
Japanese Grand Prix
Sebastian Vettel
71.9%
Canadian Grand Prix
Jenson Button
71.1%
Turkish Grand Prix
Mark Webber
71.1%
Spanish Grand Prix
Jenson Button
71.1%
Turkish Grand Prix
Fernando Alonso
71.1%
Spanish Grand Prix
Mark Webber
71.1%
British Grand Prix
Fernando Alonso
71.1%
Indian Grand Prix
Sebastian Vettel
71%
Abu Dhabi Grand Prix
Sebastian Vettel
71%
Circuit
Driver
% Correct
European Grand Prix
Sebastian Vettel
70.4%
Monaco Grand Prix
Fernando Alonso
70.4%
European Grand Prix
Fernando Alonso
70.4%
Canadian Grand Prix
Mark Webber
70.4%
Monaco Grand Prix
Jenson Button
70.4%
Monaco Grand Prix
Sebastian Vettel
70.4%
Canadian Grand Prix
Sebastian Vettel
70.4%
German Grand Prix
Lewis Hamilton
70.4%
Brazilian Grand Prix
Sebastian Vettel
70%
Australian Grand Prix
Vitaly Petrov
69.6%
Canadian Grand Prix
Sebastian Vettel
69.6%
Hungarian Grand Prix
Jenson Button
69.6%
Italian Grand Prix
Sebastian Vettel
69.6%
British Grand Prix
Sebastian Vettel
69.6%
Singapore Grand Prix
Sebastian Vettel
69.6%
Australian Grand Prix
Felipe Massa
68.9%
European Grand Prix
Mark Webber
68.9%
European Grand Prix
Sebastian Vettel
68.9%
Turkish Grand Prix
Mark Webber
68.9%
Belgian Grand Prix
Sebastian Vettel
68.9%
German Grand Prix
Fernando Alonso
68.9%
Italian Grand Prix
Jenson Button
68.9%
British Grand Prix
Mark Webber
68.9%
German Grand Prix
Mark Webber
68.9%
Italian Grand Prix
Fernando Alonso
68.9%
Italian Grand Prix
Sebastian Vettel
68.9%
Japanese Grand Prix
Jenson Button
68.9%
Malaysian Grand Prix
Mark Webber
68.1%
Spanish Grand Prix
Lewis Hamilton
68.1%
Canadian Grand Prix
Jenson Button
68.1%
Belgian Grand Prix
Mark Webber
68.1%
Belgian Grand Prix
Jenson Button
68.1%
German Grand Prix
Mark Webber
68.1%
Belgian Grand Prix
Sebastian Vettel
68.1%
Singapore Grand Prix
Jenson Button
68.1%
Singapore Grand Prix
Mark Webber
68.1%
Singapore Grand Prix
Sebastian Vettel
68.1%
Japanese Grand Prix
Fernando Alonso
68.1%
Circuit
Driver
% Correct
Japanese Grand Prix
Sebastian Vettel
68.1%
Japanese Grand Prix
Sebastian Vettel
68.1%
Indian Grand Prix
Sebastian Vettel
68%
Chinese Grand Prix
Mark Webber
67.4%
Hungarian Grand Prix
Sebastian Vettel
67.4%
Hungarian Grand Prix
Fernando Alonso
67.4%
British Grand Prix
Mark Webber
67.4%
Monaco Grand Prix
Mark Webber
66.7%
European Grand Prix
Sebastian Vettel
66.7%
Hungarian Grand Prix
Sebastian Vettel
66.7%
Indian Grand Prix
Jenson Button
66%
Indian Grand Prix
Fernando Alonso
66%
Indian Grand Prix
Sebastian Vettel
66%
Abu Dhabi Grand Prix
Lewis Hamilton
66%
Abu Dhabi Grand Prix
Fernando Alonso
66%
Abu Dhabi Grand Prix
Sebastian Vettel
66%
Brazilian Grand Prix
Mark Webber
66%
Brazilian Grand Prix
Sebastian Vettel
66%
British Grand Prix
Fernando Alonso
65.9%
German Grand Prix
Lewis Hamilton
65.9%
Singapore Grand Prix
Jenson Button
65.2%
Japanese Grand Prix
Jenson Button
65.2%
Korean Grand Prix
Sebastian Vettel
65.2%
Abu Dhabi Grand Prix
Jenson Button
65%
Brazilian Grand Prix
Sebastian Vettel
65%
Brazilian Grand Prix
Jenson Button
65%
Belgian Grand Prix
Mark Webber
64.4%
Italian Grand Prix
Lewis Hamilton
64.4%
Indian Grand Prix
Sebastian Vettel
63%
Korean Grand Prix
Sebastian Vettel
63%
Korean Grand Prix
Lewis Hamilton
62.2%
Brazilian Grand Prix
Mark Webber
62%
Malaysian Grand Prix
Nick Heidfeld
61.5%
Korean Grand Prix
Mark Webber
61.5%
Korean Grand Prix
Lewis Hamilton
60.7%
Hungarian Grand Prix
Felipe Massa
60%
Abu Dhabi Grand Prix
Mark Webber
60%
Korean Grand Prix
Sebastian Vettel
58.5%
Quiz Playlist
Details
Report
Send in Message
Add To Playlist
Classic:
Type in answers that appear in a list
Forced Order:
Answers have to be entered in order
Last Updated: Feb 16, 2017
Quiz Scoreboard
CHALLENGE
Sign Up to Join the Scoreboard
Show All
Scores
Hide
Comments
May contain spoilers
Recently Published
Presidents Visiting Landmarks
by Hejman
History
7m
An Introduction to Baseball
by treessimontrees
Sports
5m
Movies - When Are They Set?
by FPL_Elf
Movies
5m
More to Explore
Quiz From the Vault
Featured Blog Post
Where Did the Easter Bunny Come From?
hide this ad
You Might Also Like...
Tags
2011
circuit
Driver
formula
Formula 1
result
Today's Top Quizzes in Sports
Browse Sports
hide this ad
Today's Top Quizzes in result
Browse result
Top Contributed Quizzes in Sports
1
Les meilleurs buteurs des matchs entre le PSG et l’OM
2
2022 World Cup Stars
3
FIFA Club World Cup Champions
4
Les entraîneurs de l'OM et du PSG au 21e siècle
5
Name the Premier League winners with different clubs
6
La finale Lions - Afrique du Sud 2021
7
England Test cricketers to play under Nasser Hussain
8
5-to-1: UK Sports Teams
9
Les joueurs passés par le LOSC et le RC Lens
10
Criteria MLB: Left Handed Sluggers
Explore More
Trending Topics
Disney
Anime
Crossword
Kpop
Harry Potter
NBA
Marvel
Soccer
The Office
Puzzle
WWE
NFL
Song
Country
Pokémon
hide this ad
More By:
vabbity2
Quiz
Plays
Rating
Category
Featured
Created
ATP World Tour Singles Rankings
416
4.00
Sports
Jul 18, 2011
Formula 1 Drivers 2011
293
Sports
Jul 18, 2011
Mens Grand Slam Winners since 1985
266
3.00
Sports
Jul 18, 2011
F1 2011 Driver Anagrams
242
5.00
Sports
Jul 19, 2011
Formula 1 2011 Results
135
5.00
Sports
Oct 11, 2011
Go to Creator's Profile
Score Distribution
Quiz Creator Spotlight
vabbity2
Follow
Send a Message
Quizzes Created
-
Created Quiz Play Count
-
More By This Creator
Popular Quizzes Today
1
Find the US States - No Outlines Minefield
2
Find the Countries of Europe - No Outlines Minefield
3
The Countries of the World
4
Find the US States
5
Popular People in 1961
6
US States
7
Risky Map Clicking: Biggest States A-Z
8
1-10 Letter E Words III
More Sports Quizzes
1969 European Champions - Milan
Quiz Lab
Trending Quizzes
Risky Map Clicking: Least Populous States A-Z
1-10 Letter G Words
1-10 Letter F Words
One Thing in Common: United Kingdom
Risky Map Clicking: Next State Alphabetically
Recently Updated
Leaping Animals
pecheneg
Reality TV Shows (A-Z)
bhenderson79
Rickey Henderson's Hall of Fame Teammates
pecheneg
Champions League XIs: Arsenal
pecheneg
Quick Pick: Celebrities in WWE's Hall of Fame
aduchscher
A-Z Keypad Blitz II
pecheneg
Multiple Oscar Actors
pecheneg
Mystery Phrase Blitz: Oscar 'Best Actors'
pecheneg
F. Scott Fitzgerald Novels
LTH
Pick 3 Villains
ddd62291
Trending Topics
Anime
Disney
Marvel
Harry Potter
NBA
Kpop
Crossword
NFL
WWE
Puzzle
The Office
Country
Pokémon
Song
Soccer
Your Account Isn't Verified!
In order to create a playlist on Sporcle, you need to verify the email address you used during registration. Go to your
Sporcle Settings
to finish the process.
Report this User
Report this user for behavior that violates our
Community Guidelines
.
Details:
Send Report
Go to the Sporcle.com Mobile Site →
Comments